| 000 | 00606cam a22002051 4500 | ||
|---|---|---|---|
| 001 | sa 63000531 | ||
| 003 | DLC | ||
| 005 | 20260227111922.0 | ||
| 008 | 780517s1960 vm a 000 0 fre | ||
| 010 | _asa 63000531 | ||
| 035 | _a(OCoLC)3903283 | ||
| 040 |
_aDLC _cDHU _dOCoLC _dDLC |
||
| 042 | _apremarc | ||
| 045 | _ax4x6 | ||
| 050 | 0 | 0 |
_aDS557.A7 _bR4 |
| 245 | 0 | 3 |
_aLa République démocratique du Viet-Nam, 1945-1960; _bimpressions de visiteurs étrangers. |
| 260 |
_aHanoi, _bÉditions en langues étrangères, _c1960. |
||
| 300 |
_a94 p. _billus. _c19 cm. |
||
| 651 | 0 | _aVietnam (Democratic Republic) | |
| 999 |
_c53517 _d53517 |
||